|
|
|
|
| LEADER |
00000nab a2200000 a 4500 |
| 001 |
vtls009183396 |
| 003 |
SK-MaSNL |
| 005 |
20260305035427.0 |
| 008 |
250506c2007 xo |||||||||||000 b|slo |
| 015 |
|
|
|a SNBRB2008/02
|2 snkbucl
|
| 035 |
|
|
|a (uuid)fe83946e-1fe6-4b4d-8237-8c4fe3eb6cb5
|
| 035 |
|
|
|a urn:nbn:sk:snk-ab11t3
|
| 035 |
|
|
|a (urnnbn)urn:nbn:sk:snk:ar-a05ezv
|
| 038 |
|
|
|a SNKBUCL
|
| 040 |
|
|
|a SNKBUCL
|b slo
|c SNKBUCL
|e AACR2
|
| 041 |
0 |
|
|a slo
|
| 044 |
|
|
|a xo
|c SK
|
| 080 |
|
|
|a 681.84:366.624.4
|2 2001
|
| 080 |
|
|
|a 366.624.4
|2 2001
|
| 100 |
1 |
|
|a Mydliar, Peter
|4 aut
|9 1455663
|
| 245 |
1 |
0 |
|a Reprosústavy pod vianočný stromček
|c Peter Mydliar
|
| 300 |
|
|
|b Fotogr., tab.
|
| 650 |
0 |
7 |
|a reprosústavy
|2 snkbucl
|9 215695
|
| 650 |
0 |
7 |
|a porovnávacie testy
|2 snkbucl
|9 870299
|
| 773 |
0 |
|
|t PC revue
|g Roč. XV, č. 12 (2007), s. 96-107
|x 1335-0226
|
| 850 |
|
|
|a Slovenská národná knižnica
|
| 852 |
|
|
|a Slovenská národná knižnica
|
| 954 |
|
|
|a odborná, vedecká literatúra pôvodná (slovenská)
|2 lita
|
| 958 |
|
|
|a article27
|
| 958 |
|
|
|a OND
|
| 958 |
|
|
|a EUIPO
|
| 999 |
|
|
|c 3333780
|d 3335710
|